| 000 | 01340nam a22002417a 4500 | ||
|---|---|---|---|
| 999 |
_c58381 _d58381 |
||
| 003 | Ge_BSU | ||
| 005 | 20211223121722.0 | ||
| 008 | 211223s2020 ge ||||| |||| 00| 0 geo d | ||
| 020 | _a9789941408496 | ||
| 041 | _ageo | ||
| 080 | _a378.4(479.22) ბ-29 | ||
| 100 |
_aბასილაძე, იმერი _94917 |
||
| 245 |
_aგანათლების ტაძარი : _bაწსუ - 85 / _cიმერი ბასილაძე; რედ. გიორგი ღავთაძე, ნესტან კუტივაძე; აკაკი წერეთლის სახელმწიფო უნივერსიტეტი |
||
| 264 |
_aქუთაისი : _bაწსუ, _c2020. |
||
| 300 |
_a704 გვ. ; _b29 სმ. |
||
| 501 | _aდანართები გვ. 647-702 | ||
| 504 | _aბიბლიოგრ. გვ. 633-646 ბიბლიოგრ. თავების ბოლოს | ||
| 653 | _aაკაკი წერეთლის სახელმწიფო უნივერსიტეტის ისტორია | ||
| 700 |
_aღავთაძე, გიორგი _eრედაქტორი _9846 |
||
| 700 |
_aკუტივაძე, ნესტან _eრედაქტორი _913353 |
||
| 773 | _tნაჩუქარი | ||
| 942 |
_2udc _cBK |
||